| 000 | 00515nam a2200181 a 4500 | ||
|---|---|---|---|
| 001 | 0357 | ||
| 005 | 20140414132019.0 | ||
| 008 | 040910s19uu xx 00 eng d | ||
| 020 | _a0-590-27555-0 | ||
| 050 |
_aTR _bH53 1994 |
||
| 100 | _aBrown, Roberta | ||
| 245 |
_aHide and seek / _cwritten by Roberta Brown and Sue Carey ; pictures by Sal Murdocca. |
||
| 260 |
_aNew York : _bScholastic, _c1994. |
||
| 300 | _a16 p. : ill. ; cm. | ||
| 650 |
_aPlay _xFiction. |
||
| 650 | _aChildren stories. | ||
| 999 |
_c113437 _d113437 |
||